|
|
|
|
| LEADER |
00000nam2a2200000 4500 |
| 001 |
182299 |
| 005 |
20231031171259.0 |
| 035 |
|
|
|a (RuTPU)RU\TPU\book\197634
|
| 035 |
|
|
|a RU\TPU\book\197617
|
| 090 |
|
|
|a 182299
|
| 100 |
|
|
|a 20100620d1937 k y0rusy50 ca
|
| 101 |
0 |
|
|a rus
|
| 102 |
|
|
|a RU
|
| 105 |
|
|
|a a z 000zy
|
| 200 |
0 |
|
|a Т. 58, [Вып. 1-3]
|
| 210 |
|
|
|a Свердловск
|a Москва
|c Объединенное научно-техническое издательство
|d 1937
|
| 215 |
|
|
|a 312 с.
|c табл., граф., черт., рис.
|
| 461 |
|
1 |
|0 (RuTPU)RU\TPU\book\197248
|t Известия Томского индустриального института [Известия ТИИ]
|f Томский индустриальный институт (ТИИ)
|v Т. 58, [Вып. 1-3]
|d 1934-1944
|
| 601 |
0 |
2 |
|a Томский индустриальный институт (ТИИ)
|c (1934-1944)
|2 stltpush
|3 (RuTPU)RU\TPU\col\9243
|
| 610 |
1 |
|
|a научные исследования
|
| 610 |
1 |
|
|a углеродистые стали
|
| 610 |
1 |
|
|a холодноломкость
|
| 610 |
1 |
|
|a сталь
|
| 610 |
1 |
|
|a хрупкость
|
| 610 |
1 |
|
|a низкие температуры
|
| 610 |
1 |
|
|a ДВС
|
| 610 |
1 |
|
|a двигатели внутреннего сгорания
|
| 610 |
1 |
|
|a валы
|
| 610 |
1 |
|
|a торсиограммы
|
| 610 |
1 |
|
|a крутильные колебания
|
| 610 |
1 |
|
|a Кузбасс
|
| 610 |
1 |
|
|a месторождения
|
| 610 |
1 |
|
|a пласты
|
| 610 |
1 |
|
|a параллелизация
|
| 610 |
1 |
|
|a гексагональное золото
|
| 610 |
1 |
|
|a Забайкалье
|
| 610 |
1 |
|
|a уголь
|
| 610 |
1 |
|
|a ископаемая микрофлора
|
| 610 |
1 |
|
|a полиметаллические месторождения
|
| 610 |
1 |
|
|a Западная Сибирь
|
| 610 |
1 |
|
|a сульфиды
|
| 610 |
1 |
|
|a труды учёных ТПУ
|
| 675 |
|
|
|a 62
|v 3
|
| 801 |
|
1 |
|a RU
|b 63413507
|c 20090209
|g PSBO
|
| 801 |
|
2 |
|a RU
|b 63413507
|c 20150408
|g PSBO
|
| 942 |
|
|
|c BK
|